000 02391njm a2200373 c 4500
001
003 DO-SdBNP
005 20240312092353.0
008 160127s 2008 mx d spa
015 _a
017 _a
_b
020 _a9789681680039
035 _a
040 _aBPMSU
_bspa
_cBPMSU
_e
082 _a928.21
_bL921B 2009
_222
084 _a
_2
100 1 _aBowker, Gordon.
_d
_4
240 1 0 _a
_n
_r
245 1 0 _aPerseguido por los demonios :
_bvida de Malcolm Lowry /
_cGordon Bowker ; traducción de María Aída Espinosa Meléndez.
246 1 3 _aPerseguido por los demonios
260 _aMéxico :
_bFondo de Cultura Econonómica,
_c2008
300 _a712 p., [16] p. de láminas
_c23 cm.
_e
_b
490 0 _aSección de obras de lengua y estudios literarios
500 _a Incluye bibliografías e índice.
504 _aBibliografía. p.: 187-188
505 0 _a
520 _aMéxico ejerció un atractivo singular, hecho de fascinación y terror, sobre varios escritores anglosajones notables del siglo XX. Pero sólo en Malcolm Lowry la mezcla de la vida y la obra alcanza abismos en verdad infernales, volcánicos, como hay tantos en la geografía mexicana. Los devotos lectores de Bajo el volcán (1947) -sin exageración, una de las cumbres literarias del siglo XX- supieron siempre que aquella novela magistral escondía claves personales que pedían una biografía definitiva que las revelara. Nadie mejor que Gordon Bowker para escribirla. Biógrafo de Orwell y Durrell y compilador editorial de Lowry, Bowker explora con detalle acucioso, a partir de fuentes y testimonios hasta ahora desconocidos, y con una sensibilidad a un tiempo cuidadosa y descarnada, el laberinto existencial de Lowry: el insensato suicidio al que orilló a un amigo de la juventud y la estela de culpa; el alcoholismo agresivo; sus dos matrimonios; la pérdida de sus manuscritos; el incendio de su casa; su tránsito por ciudades, prisiones, cantinas y sanatorios; su torturada relación con médicos, editores, familiares, doctores; su misteriosa muerte.
534 _pTítulo original :
_tPersued by furies. A life of Malcolm Lowry
590 _aInventariado, 2024/VM
600 1 4 _aLowry, Malcolm,
_d1909-1957
_vBiografías
700 1 _aBeethoven, Ludwig van
_d1770-1827
_t
_m
_n
_r
910 _aVMateo V. Control de calidad. BPMSU
942 _2ddc
_cBK
999 _c14582
_d14582